[Event "LTU-ch sf"]
[Site "Vilnius"]
[Date "2014.02.23"]
[Round "8"]
[White "Vaitkevicius, Paulius"]
[Black "Sabaliauskis, Martynas"]
[Result "1-0"]
[WhiteElo "1849"]
[BlackElo "1735"]
[PlyCount "100"]
[EventDate "2014.02.17"]
[EventType "swiss"]
[EventRounds "8"]
[EventCountry "LTU"]
[SourceTitle "CBM 158 Extra"]
[Source "ChessBase"]
[SourceDate "2014.02.28"]
[SourceVersion "1"]
[SourceVersionDate "2014.02.28"]
[SourceQuality "1"]

1. e4 e6 2. d4 d5 3. e5 c5 4. c3 Nc6 5. Nf3 Qb6 6. a3 cxd4 7. cxd4 Bd7 8. b4 a6 9. Be2 Nge7 10. Qd2 Nf5 11. Bb2 Be7 12. 0-0 0-0 13. Rd1 f6 14. Nc3 fxe5 15. dxe5 Kh8 16. Bd3 Qc7 17. Re1 Rac8 18. Rac1 Qb8 19. Ne2 Qa7 20. Bb1 Nh4 21. Ned4 Nxf3+ 22. Nxf3 Be8 23. Nd4 Bf7 24. Nxc6 Rxc6 25. Rxc6 bxc6 26. Bd4 Qc7 27. Qd3 Bg6 28. Qxa6 Bh5 29. Qd3 Bg6 30. Qe3 Bxb1 31. Rxb1 h6 32. Qh3 Qd7 33. Rc1 Bg5 34. Rc2 Rf4 35. Qc3 Qf7 36. Qd3 Qb7 37. g3 Re4 38. Qc3 Qa6 39. Kg2 Kh7 40. h4 Be7 41. Rd2 Kg8 42. Qd3 Qa4 43. f3 Re1 44. Qg6 Qxa3 45. Qxe6+ Kf8 46. Bf2 Rc1 47. Rd4 Qa6 48. Rf4+ Ke8 49. g4 Qf1+ 50. Kg3 Rc2 1-0

[Event "LTU-ch sf"]
[Site "Vilnius"]
[Date "2014.02.21"]
[Round "6"]
[White "Vaitkevicius, Paulius"]
[Black "Barsciauskas, Gintautas"]
[Result "1-0"]
[WhiteElo "1849"]
[BlackElo "1756"]
[PlyCount "85"]
[EventDate "2014.02.17"]
[EventType "swiss"]
[EventRounds "8"]
[EventCountry "LTU"]
[SourceTitle "CBM 158 Extra"]
[Source "ChessBase"]
[SourceDate "2014.02.28"]
[SourceVersion "1"]
[SourceVersionDate "2014.02.28"]
[SourceQuality "1"]

1. e4 d6 2. d4 e5 3. Nf3 exd4 4. Nxd4 Nf6 5. Nc3 Be7 6. Be2 0-0 7. 0-0 Bd7 8. b3 Nc6 9. Bb2 a6 10. Nxc6 Bxc6 11. Qd4 Ne8 12. Nd5 Bxd5 13. Qxd5 c6 14. Qd3 Bf6 15. Bxf6 Qxf6 16. Rad1 Rd8 17. Qd4 Qxd4 18. Rxd4 b5 19. Rfd1 Rb8 20. f4 g6 21. c4 c5 22. R4d2 Kg7 23. Rc1 b4 24. Bf3 f6 25. e5 fxe5 26. fxe5 Rb6 27. Rd5 Rf5 28. Re1 h5 29. exd6 Nxd6 30. Ree5 Kf6 31. Rxf5+ Nxf5 32. Rxc5 Nd4 33. Rd5 Nxf3+ 34. gxf3 Ke6 35. Kf2 Kf6 36. c5 Rb5 37. f4 a5 38. Ke3 Rb8 39. Kd4 Re8 40. c6 Rc8 41. Kc5 h4 42. Kb6 Rb8+ 43. Kc7 1-0

[Event "LTU-ch sf"]
[Site "Vilnius"]
[Date "2014.02.19"]
[Round "4"]
[White "Vaitkevicius, Paulius"]
[Black "Bisigirskas, Paulius"]
[Result "1-0"]
[WhiteElo "1849"]
[BlackElo "1628"]
[PlyCount "73"]
[EventDate "2014.02.17"]
[EventType "swiss"]
[EventRounds "8"]
[EventCountry "LTU"]
[SourceTitle "CBM 158 Extra"]
[Source "ChessBase"]
[SourceDate "2014.02.28"]
[SourceVersion "1"]
[SourceVersionDate "2014.02.28"]
[SourceQuality "1"]

1. e4 c5 2. Nf3 Nc6 3. d4 cxd4 4. Nxd4 Nf6 5. Nc3 d6 6. Bg5 Bd7 7. Qd2 Rc8 8. 0-0-0 Nxd4 9. Qxd4 Qa5 10. Bh4 Qc5 11. Be2 h6 12. f4 Qxd4 13. Rxd4 e5 14. fxe5 dxe5 15. Rdd1 Bc5 16. Bxf6 gxf6 17. Rxd7 Kxd7 18. Bg4+ Kc6 19. Bxc8 Rxc8 20. Rf1 Be3+ 21. Kd1 Bg5 22. g3 Rd8+ 23. Nd5 Rd6 24. Ke2 h5 25. Rf5 h4 26. gxh4 Bxh4 27. Rh5 Bg5 28. h4 Bc1 29. Nb4+ Kd7 30. Nd3 Bf4 31. Nxf4 exf4 32. Kf3 Ke6 33. Rd5 Rc6 34. c3 Ra6 35. h5 Rxa2 36. h6 Rxb2 37. Rh5 1-0